Albert Jakobiec's Principles and practice of Ophthalmology (Record no. 1773)

MARC details
000 -LEADER
fixed length control field 00595nam a22002057a 4500
003 - CONTROL NUMBER IDENTIFIER
control field OSt
005 - DATE AND TIME OF LATEST TRANSACTION
control field 20161014130157.0
008 - FIXED-LENGTH DATA ELEMENTS--GENERAL INFORMATION
fixed length control field 150518b xxu||||| |||| 00| 0 eng d
020 ## - INTERNATIONAL STANDARD BOOK NUMBER
International Standard Book Number 9781416000167
040 ## - CATALOGING SOURCE
Transcribing agency LDC
082 ## - DEWEY DECIMAL CLASSIFICATION NUMBER
Classification number WW 100 A13a 2008
100 ## - MAIN ENTRY--PERSONAL NAME
Personal name Albert, Miller; Azar, Blodi
9 (RLIN) 11200
245 ## - TITLE STATEMENT
Title Albert Jakobiec's Principles and practice of Ophthalmology
Remainder of title Vol.2
250 ## - EDITION STATEMENT
Edition statement 3rd ed.
260 ## - PUBLICATION, DISTRIBUTION, ETC. (IMPRINT)
Place of publication, distribution, etc. Canada:
Name of publisher, distributor, etc. Saunders ELSEVIER;
Date of publication, distribution, etc. 2008.
300 ## - PHYSICAL DESCRIPTION
Extent xlv, 2874 P
Other physical details col.ill;
Dimensions 29 cm.
504 ## - BIBLIOGRAPHY, ETC. NOTE
Bibliography, etc Includes references and index
650 ## - SUBJECT ADDED ENTRY--TOPICAL TERM
Topical term or geographic name as entry element Ophthalmology
9 (RLIN) 4663
942 ## - ADDED ENTRY ELEMENTS (KOHA)
Source of classification or shelving scheme Other/Generic Classification Scheme
Koha item type Short Loan
Holdings
Withdrawn status Lost status Source of classification or shelving scheme Damaged status Not for loan Home library Current library Date acquired Source of acquisition Inventory number Total Checkouts Full call number Barcode Date last seen Price effective from Koha item type
    Other/Generic Classification Scheme     MUST Main Library MUST Main Library 18/05/2015   2008/29826   WW 100 A13a 2008 2015-1440 18/05/2015 18/05/2015 Short Loan